History Quiz

Random History Quiz

History Through My Grandfather Quiz Stats

Quiz Updated Jan 10, 2016

Also try: History in Color
Challenge
Share
Tweet
Score 0/30 Timer 08:00
3 Plays Today
% Correct
Albert Einstein
98.3%
Muhammad Ali
96.2%
The Beatles
95.4%
Elizabeth II
94.8%
Neil Armstrong
89%
Babe Ruth
87%
Winston Churchill
85.4%
Dwight Eisenhower
83.8%
Jackie & John Kennedy
83.7%
Richard & Pat Nixon
78.2%
Audrey Hepburn
76%
George Patton
74.2%
Jackie Robinson
66.4%
Joe DiMaggio
59.3%
Martin & Lewis
56.3%
% Correct
John Glenn
53.2%
Eleanor Roosevelt
48.9%
Prince Rainier & Grace Kelly
47.6%
Willie Mays
47.1%
Ted Williams
46.4%
Warren Beatty
41.9%
Ed Sullivan
33.1%
Roger Bannister
27.9%
Milton Berle
23.4%
Mickey Mantle
21.7%
Mike Wallace
21.6%
Leonard Bernstein
8.2%
Hermann Goering
6.7%
Jerry Orbach
4.1%
Linus Pauling
3.8%

You're not logged in!

Compare scores with friends on all Sporcle quizzes.
Sign Up with Email
OR
Log In

You Might Also Like...

Show Comments

Extras

Top Quizzes Today


Score Distribution

Your Account Isn't Verified!

In order to create a playlist on Sporcle, you need to verify the email address you used during registration. Go to your Sporcle Settings to finish the process.